| 000 | 00560nam a2200169 i 4500 | ||
|---|---|---|---|
| 001 | 75604 | ||
| 003 | ES-MaACL | ||
| 005 | 20230906172523.0 | ||
| 007 | t| | ||
| 008 | 040927s1949 sp ||||1| spa d | ||
| 100 | 1 |
_aGual Camarena, Miguel. _960285 |
|
| 245 | 1 | 0 |
_aReconquista de la zona castellonense / _cMiguel Gual Camarena. |
| 260 |
_aCastellón de la Plana : _b[s.n., _c1949] ( _fHijos de F. Armengot) |
||
| 300 |
_a29 p. ; _c21 cm. |
||
| 500 | _aEs Separata de: Boletín de la Sociedad Castellonense de Cultura. | ||
| 852 |
_aES-MaACL _j1904-F-13 _bR.29069 |
||
| 999 |
_c75604 _d75604 |
||